Flags of Australian State & Territory Capitals - Statistics

General Stats
  • This quiz has been taken 79 times
  • The average score is 6 of 7
Answer Stats
Picture Answer % Correct
Perth
92%
Darwin
89%
Brisbane
83%
Sydney
83%
Adelaide
81%
Melbourne
75%
Hobart
67%
No matching quizzes found
Score Distribution
Percent of People with Each Score
Percentile by Number Answered
Your Score History
You have not taken this quiz